Anne Thackeray Ritchie : a biography /

Bibliographic Details
Main Author: Gérin, Winifred
Format: Book
Language:English
Published: Oxford ; New York : Oxford University Press, 1981.
Subjects:

MARC

Tag First Indicator Second Indicator Subfields
LEADER 00000pam a2200000 a 4500
001 in00000084143
005 20151008055702.0
008 810108s1981 enkacf b 00110bengm
010 |a  80049704  
015 |a GB81 
020 |a 0198126646 :  |c 9.50 
035 |a (OCoLC)07197659 
035 |9 AAJ4111AM 
039 0 |a 2  |b 3  |c 3  |d 3  |e 3 
040 |a DLC  |c DLC  |d m.c.  |d TXA  |d UtOrBLW 
043 |a e-uk--- 
049 |a TXAM  |c [387796] 
050 0 0 |a PR5227.R7  |b G47 1981 
082 0 |a 823/.8  |2 19 
100 1 |a Gérin, Winifred. 
245 1 0 |a Anne Thackeray Ritchie :  |b a biography /  |c Winifred Gerin. 
264 1 |a Oxford ;  |a New York :  |b Oxford University Press,  |c 1981. 
300 |a xiv, 310 pages, 16 unnumbered pages of plates :  |b illustrations, portraits ;  |c 22 cm. 
336 |a text  |b txt  |2 rdacontent 
337 |a unmediated  |b n  |2 rdamedia 
338 |a volume  |b nc  |2 rdacarrier 
500 |a Includes index. 
504 |a Bibliography: pages [297]-299. 
600 1 0 |a Ritchie, Anne Thackeray,  |d 1837-1919. 
600 1 0 |a Thackeray, William Makepeace,  |d 1811-1863. 
650 0 |a Novelists, English  |y 19th century  |v Biography. 
999 |a MARS 
999 f f |s f494a123-0ac0-3bd3-84bb-fd497537c4d6  |i 40fb17c6-5bd3-37f1-94f1-6814b9947ceb  |t 0 
952 f f |p ric  |a Texas A&M University  |b Rellis Campus  |c Joint Library Facility  |d Remote Storage  |t 0  |e PR5227.R7 G47 1981  |h Library of Congress classification  |i unmediated -- volume  |m A14806185855 
998 f f |a PR5227.R7 G47 1981  |t 0  |l Remote Storage